| 000 | 01132nam0a22002531 4500 | ||
|---|---|---|---|
| 001 | v19\rc\1329420 | ||
| 005 | 20250630114923.0 | ||
| 035 | _a(NLR Aleph) 004481047 | ||
| 090 |
_a4605629 _c4605629 |
||
| 100 | _a20060512e18461846|||y0rusy50 ca | ||
| 101 | 0 | _arus | |
| 102 | _aRU | ||
| 105 | _ay z ||||| | ||
| 200 | 1 |
_aХронологическая и синхроническая таблица известнейших и примечательнейших математиков во всех веках по 1800 год _fСост. Николаем Навроцким |
|
| 210 |
_a[Санкт-Петербург _d[1846] |
||
| 215 |
_a1 л. _d23 |
||
| 311 | _aИз "Журн. М-ва нар. прос." 1846, № 7 | ||
| 488 | 0 |
_12001#$aЖурнал Министерства народного просвещения$v1846, № 7 _tЖурнал Министерства народного просвещения |
|
| 700 | 1 |
_aНавроцкий _bН.Н. _f1803-1859 _gНиколай Никанорович |
|
| 801 | 0 |
_aRU _bNLR _gpsbo |
|
| 801 | 1 |
_aRU _bProSoft-M _2rusmarc |
|
| 852 |
_aNLR _j18.112.1.243 |
||
| 942 | _cBOOK | ||
| 980 | _aNB | ||